[Event "Baltic Sea Cup"]
[Site "Ronne"]
[Date "2007.08.01"]
[Round "4.45"]
[White "Skogli, Paal"]
[Black "Schmitz, Manuela"]
[Result "1-0"]
[WhiteElo "1634"]
[BlackElo "2031"]
[PlyCount "109"]
[EventDate "2007.07.30"]
[EventType "swiss"]
[EventRounds "9"]
[EventCountry "DEN"]
[SourceTitle "EXT 2023"]
[Source "ChessBase"]
[SourceDate "2022.10.05"]
[SourceVersion "1"]
[SourceVersionDate "2022.10.05"]
[SourceQuality "1"]

1. Nf3 Nf6 2. d3 d5 3. Nbd2 e6 4. e4 b6 5. g3 Bb7 6. e5 Nfd7 7. Bg2 f6 8. exf6 Qxf6 9. 0-0 Bd6 10. Rb1 c5 11. c4 0-0 12. Qe2 Nc6 13. b3 Nb4 14. Bb2 Qf7 15. a3 Nc6 16. Ng5 Qg6 17. Qxe6+ Qxe6 18. Nxe6 Nce5 19. Nxf8 Rxf8 20. d4 Nd3 21. Bxd5+ Bxd5 22. cxd5 Nxb2 23. dxc5 Bxc5 24. Rxb2 Nf6 25. d6 Bxa3 26. Ra2 Bxd6 27. Rxa7 Bc5 28. h3 Rd8 29. Ra2 Rd3 30. Kg2 h6 31. f4 Bb4 32. Nc4 Nd5 33. Rf3 Rd1 34. Ne5 Bc5 35. Ra8+ Kh7 36. Rd3 Rg1+ 37. Kh2 Nc7 38. Rc8 Rc1 39. Rdd8 Rc2+ 40. Kh1 Rc1+ 41. Kg2 Rc2+ 42. Kf3 Rc3+ 43. Kg4 h5+ 44. Kxh5 g6+ 45. Nxg6 Ne6 46. Rh8+ Kg7 47. Rcg8+ Kf6 48. Kg4 Rxb3 49. Ne5 Bf2 50. Rg6+ Ke7 51. Nf3 Kf7 52. Rgh6 b5 53. Rb8 Ng7 54. Rb7+ Kg8 55. Rg6 1-0

[Event "NOR-ch qual-A"]
[Site "Oslo"]
[Date "2007.04.04"]
[Round "6"]
[White "Skogli, Paal"]
[Black "Ulvnes, Roar Nikolai"]
[Result "0-1"]
[WhiteElo "1634"]
[BlackElo "1790"]
[PlyCount "102"]
[EventDate "2007.04.01"]
[EventType "swiss"]
[EventRounds "7"]
[EventCountry "NOR"]
[SourceTitle "EXT 2008"]
[Source "ChessBase"]
[SourceDate "2007.11.25"]
[SourceVersion "1"]
[SourceVersionDate "2007.11.25"]
[SourceQuality "1"]

1. e4 c5 2. Nc3 Nc6 3. Nf3 d6 4. Bc4 g6 5. d4 cxd4 6. Nxd4 Bg7 7. Be3 Nf6 8. f3 0-0 9. Qd2 Bd7 10. h4 Rc8 11. Bb3 h5 12. Nxc6 Rxc6 13. Bh6 Qa5 14. Bxg7 Kxg7 15. 0-0-0 Rfc8 16. Qd4 Qc5 17. Rd2 Qxd4 18. Rxd4 a6 19. Rhd1 Be6 20. Bxe6 fxe6 21. R1d2 Rc4 22. Ne2 e5 23. Rxc4 Rxc4 24. Nc3 Kf7 25. g3 Ke6 26. Kd1 Kd7 27. Rd3 e6 28. b3 Rc6 29. a4 Kc7 30. Kd2 Kb6 31. Na2 d5 32. Nb4 Rc5 33. c3 a5 34. Na2 dxe4 35. Re3 Rd5+ 36. Ke2 exf3+ 37. Kxf3 e4+ 38. Ke2 Re5 39. c4 Ng4 40. c5+ Rxc5 41. Rc3 Rf5 42. Nc1 Rf2+ 43. Ke1 Rf3 44. Ne2 Rxc3 45. Nxc3 e3 46. Ke2 Kc5 47. Na2 Kd4 48. b4 b6 49. bxa5 bxa5 50. Nc1 Kc4 51. Nd3 e5 0-1

[Event "NOR-ch qual-A"]
[Site "Oslo"]
[Date "2007.04.03"]
[Round "5"]
[White "Olsen, Andrei"]
[Black "Skogli, Paal"]
[Result "0-1"]
[WhiteElo "1476"]
[BlackElo "1634"]
[PlyCount "106"]
[EventDate "2007.04.01"]
[EventType "swiss"]
[EventRounds "7"]
[EventCountry "NOR"]
[SourceTitle "EXT 2008"]
[Source "ChessBase"]
[SourceDate "2007.11.25"]
[SourceVersion "1"]
[SourceVersionDate "2007.11.25"]
[SourceQuality "1"]

1. e4 d6 2. d4 Nf6 3. Nc3 g6 4. Bg5 Bg7 5. f4 h6 6. Bh4 Be6 7. Be2 d5 8. e5 Ne4 9. Nxe4 dxe4 10. c4 c6 11. Qd2 Na6 12. a3 h5 13. Bf2 Qc7 14. Qc2 Qa5+ 15. Qd2 Qxd2+ 16. Kxd2 Rd8 17. Kc3 Bh6 18. Be3 Nc7 19. h4 f6 20. Nh3 Bxh3 21. Rxh3 f5 22. g3 Kf7 23. Rhh1 a6 24. b4 b5 25. a4 bxc4 26. Bxc4+ e6 27. Rhc1 Rb8 28. Rab1 Rb7 29. Rb3 Rhb8 30. Rcb1 Bf8 31. Bd2 Ke7 32. Kc2 Kd7 33. Be1 Rb6 34. Bd2 R6b7 35. Be1 Ra7 36. Bf2 Nd5 37. Bxd5 cxd5 38. b5 axb5 39. axb5 Ra2+ 40. R1b2 Rxb2+ 41. Kxb2 Kc7 42. Be1 Kb6 43. Bd2 Ra8 44. Be1 Ra4 45. Bd2 Be7 46. Bc3 Kb7 47. Kc2 Ra2+ 48. Rb2 Rxb2+ 49. Kxb2 Kb6 50. Bd2 Kxb5 51. Kb3 Bd8 52. Be3 Ba5 53. Bf2 Bb4 0-1

[Event "NOR-ch qual-A"]
[Site "Oslo"]
[Date "2007.04.02"]
[Round "2"]
[White "Skogli, Paal"]
[Black "Suntharalingam, Jathavan"]
[Result "1-0"]
[WhiteElo "1634"]
[BlackElo "1498"]
[PlyCount "79"]
[EventDate "2007.04.01"]
[EventType "swiss"]
[EventRounds "7"]
[EventCountry "NOR"]
[SourceTitle "EXT 2008"]
[Source "ChessBase"]
[SourceDate "2007.11.25"]
[SourceVersion "1"]
[SourceVersionDate "2007.11.25"]
[SourceQuality "1"]

1. d4 d5 2. c4 c6 3. Nc3 dxc4 4. a4 Nf6 5. Bg5 Bf5 6. Bxf6 gxf6 7. e4 Bg6 8. Bxc4 e6 9. Nf3 Bb4 10. Qb3 a5 11. d5 e5 12. Rd1 c5 13. 0-0 Nd7 14. Nb5 0-0 15. Qe3 Nb6 16. b3 Nxc4 17. bxc4 b6 18. Nh4 Qd7 19. Rd3 Kh8 20. Nxg6+ fxg6 21. Rfd1 Rae8 22. Qh6 Qg7 23. Qxg7+ Kxg7 24. Nc7 Rd8 25. Ne6+ Kf7 26. Nxf8 Kxf8 27. d6 Rd7 28. g4 g5 29. h4 h6 30. hxg5 hxg5 31. Kg2 Kf7 32. Rh1 Ke6 33. Rh6 Be1 34. Kf1 Bb4 35. Ke2 Rd8 36. d7 Rxd7 37. Rxd7 Kxd7 38. Rxf6 Bc3 39. Rxb6 Ke7 40. Rg6 1-0

[Event "NOR-ch qual-A"]
[Site "Oslo"]
[Date "2007.04.02"]
[Round "3"]
[White "Sodtholt, Dag"]
[Black "Skogli, Paal"]
[Result "1-0"]
[WhiteElo "2009"]
[BlackElo "1634"]
[PlyCount "80"]
[EventDate "2007.04.01"]
[EventType "swiss"]
[EventRounds "7"]
[EventCountry "NOR"]
[SourceTitle "EXT 2008"]
[Source "ChessBase"]
[SourceDate "2007.11.25"]
[SourceVersion "1"]
[SourceVersionDate "2007.11.25"]
[SourceQuality "1"]

1. c4 e5 2. Nc3 Nc6 3. Nf3 Nf6 4. d3 Bb4 5. Bd2 0-0 6. g3 Re8 7. Bg2 d5 8. cxd5 Nxd5 9. 0-0 Bxc3 10. bxc3 Rb8 11. a4 a5 12. Qb3 Be6 13. Ng5 Nf4 14. Nxe6 Nxe2+ 15. Kh1 Rxe6 16. Qc2 Rd6 17. Be1 Ned4 18. cxd4 Nxd4 19. Qc3 b6 20. Ra2 Qe7 21. h3 Rbd8 22. Qc4 c6 23. Bc3 b5 24. axb5 cxb5 25. Qc5 Qe6 26. Rxa5 Nb3 27. Qxb5 Nxa5 28. Bxa5 Rc8 29. Rb1 h5 30. Kh2 Qf5 31. Rb2 Qxd3 32. Qxe5 Re6 33. Qxh5 Qa3 34. Rb5 Qc1 35. Bb6 Rh6 36. Qd5 Qe1 37. Be3 Re6 38. Qd7 Rce8 39. Rb7 Rf6 40. Qxe8+ Kh7 1-0